NFL Teams Defensive Playcaller 2024 - Statistics

General Stats
  • This quiz has been taken 10 times
  • The average score is 6 of 32
Answer Stats
Team Coach % Correct
DET Aaron Glenn
100%
MIN Brian Flores
83%
HOU DeMeco Ryans
50%
ARI Jonathan Gannon
50%
SEA Mike Macdonald
50%
TBB Todd Bowles
50%
DEN Vance Joseph
50%
PHI Vic Fangio
50%
DAL Adam Zimmer
17%
MIA Anthony Weaver
17%
LAR Chris Shula
17%
GBP Jeff Hafley
17%
NYJ Jeff Ulbrich
17%
CLE Jim Schwartz
17%
NYG Shane Bowen
17%
BUF Bobby Babich
0%
NEP DeMarcus Covington
0%
TEN Dennard Wilson
0%
CAR Ejiro Evero
0%
CHI Eric Washington
0%
IND Gus Bradley
0%
LAC Jesse Minter
0%
ATL Jimmy Lake
0%
WAS Joe Whitt
0%
NOS Joe Woods
0%
CIN Lou Anarunmo
0%
SFF Nick Sorensen
0%
LVR Patrick Graham
0%
JAX Ryan Nielsen
0%
KAN Steve Spagnulo
0%
PIT Teryl Austin
0%
BAL Zach Orr
0%
No matching quizzes found
Score Distribution
Percent of People with Each Score
Percentile by Number Answered
Your Score History
You have not taken this quiz